| 000 | 00917na a2200277 4500 | ||
|---|---|---|---|
| 001 | 18163 | ||
| 003 | MIRAKIL | ||
| 005 | 20181213155138.0 | ||
| 008 | 170213b tu 000 0 | ||
| 035 | _a18163 | ||
| 040 |
_aMilas _btur _cTR-AnCHP |
||
| 041 | _atur | ||
| 082 |
_aHalkevleri 366 _bA54a 1938 |
||
| 090 | _aHalkevleri 366 A54a 1938 | ||
| 110 | _aAnkara Halkevi | ||
| 245 |
_aAnkara Halkevi bir yıl içinde 475.651 yurddaşı çatısı altında topladı _b1937-1938 _cAnkara Halkevi |
||
| 246 | _aAnkara Halkevi 1937-1938 çalışmaları | ||
| 260 |
_aAnkara _b[yayl.y.] _c1938 _fAlaeddin Kıral Basımevi |
||
| 300 |
_a82 s. _bfotğ.; grf. _c23 sm. |
||
| 610 |
_aAnkara Halkevi _xEtkinlikler |
||
| 610 |
_aAnkara Halkevi _zÇalışmalar, 1937-38 |
||
| 610 |
_aCHP _xHalkevleri _zAnkara |
||
| 650 |
_aHalkevleri _xÇalışmalar, 1937-38 _zAnkara |
||
| 942 |
_2ddc _cBKS |
||
| 999 |
_c7413 _d7413 |
||